[Event "Titled Tuesday intern op 06th Feb Early"]
[Site "Chess.com INT"]
[Date "2024.02.06"]
[Round "3"]
[White "Paveto, Kevin"]
[Black "Lazavik, Denis"]
[Result "1-0"]
[WhiteElo "2407"]
[BlackElo "2567"]
[PlyCount "99"]
[EventDate "2024.02.06"]
[EventType "swiss (blitz)"]
[EventRounds "11"]
[EventCountry "USA"]
[SourceTitle "CB07_2024"]
[SourceDate "2024.02.14"]
[SourceVersion "1"]
[SourceVersionDate "2024.02.14"]
[SourceQuality "1"]

1. e4 c5 2. Nf3 e6 3. d4 cxd4 4. Nxd4 Nc6 5. Nxc6 bxc6 6. Bd3 d5 7. 0-0 Nf6 8. Nd2 Be7 9. c4 0-0 10. Qe2 a5 11. b3 a4 12. Bb2 Ba6 13. Rad1 Qb6 14. exd5 cxd5 15. Bxf6 Bxf6 16. cxd5 exd5 17. bxa4 Rfd8 18. Nb3 Bxd3 19. Rxd3 Rxa4 20. Rxd5 Rda8 21. Rd2 g6 22. g3 Kg7 23. Rfd1 Qb4 24. Kg2 h5 25. Nd4 Qb7+ 26. Qf3 Qc8 27. Ne2 Rxa2 28. Rxa2 Rxa2 29. Nf4 Qf5 30. h4 Ra5 31. Nh3 Qxf3+ 32. Kxf3 Ra3+ 33. Kg2 Ra4 34. Kf3 Be5 35. Kg2 f6 36. Rd7+ Kf8 37. Rd5 Kf7 38. Rd7+ Ke6 39. Rg7 Kf5 40. Rb7 Ra2 41. Rb3 Ra4 42. Rf3+ Ke6 43. Re3 Ra6 44. Nf4+ Kf7 45. Nd3 Bd4 46. Re2 Ra3 47. Nb4 Rb3 48. Nc6 Bc5 49. Nd8+ Kg8 50. Ne6 1-0

[Event "Buenos Aires Lopez Memorial"]
[Site "Buenos Aires"]
[Date "2023.07.02"]
[Round "7"]
[White "Paveto, Kevin"]
[Black "Schnaider, Ilan"]
[Result "1/2-1/2"]
[WhiteElo "2446"]
[BlackElo "2224"]
[PlyCount "85"]
[EventDate "2023.06.27"]
[EventType "tourn"]
[EventRounds "9"]
[EventCountry "ARG"]
[SourceTitle "EXT 2024"]
[Source "ChessBase"]
[SourceDate "2023.10.10"]
[SourceVersion "1"]
[SourceVersionDate "2023.10.10"]
[SourceQuality "1"]

1. e4 e5 2. Nf3 Nc6 3. Bc4 Nf6 4. d3 Bc5 5. Nc3 a6 6. h3 d6 7. a4 h6 8. Be3 Bb4 9. 0-0 Bxc3 10. bxc3 Be6 11. Nd2 Bxc4 12. Nxc4 0-0 13. f4 exf4 14. Bxf4 d5 15. exd5 Nxd5 16. Bd2 b5 17. Ne3 Nxe3 18. Bxe3 Qd6 19. Qh5 Qe5 20. Qxe5 Nxe5 21. Bf4 Rae8 22. axb5 axb5 23. Ra7 c6 24. Rc7 f6 25. Bxe5 Rxe5 26. Rxc6 Ra8 27. c4 b4 28. Rb6 Re2 29. Rc1 Ra5 30. Kf1 Rd2 31. Rb5 Ra4 32. Kg1 Ra6 33. Rb8+ Kh7 34. Rf1 Rxc2 35. Rf3 f5 36. Rb7 Rg6 37. Rf2 Rc1+ 38. Kh2 Rd1 39. Rd7 b3 40. Rb2 Rc1 41. Re7 f4 42. Re4 Rc3 43. Rxf4 1/2-1/2

[Event "Villa Martelli Panno 70-A"]
[Site "Villa Martelli"]
[Date "2023.05.13"]
[Round "5"]
[White "Di Berardino, Diego Rafael"]
[Black "Paveto, Kevin"]
[Result "1-0"]
[WhiteElo "2479"]
[BlackElo "2427"]
[PlyCount "59"]
[EventDate "2023.05.09"]
[EventType "tourn"]
[EventRounds "9"]
[EventCountry "ARG"]
[EventCategory "7"]
[SourceTitle "CBM 214 Extra"]
[Source "ChessBase"]
[SourceDate "2023.07.31"]
[SourceVersion "1"]
[SourceVersionDate "2023.07.31"]
[SourceQuality "1"]

1. d4 Nf6 2. c4 g6 3. Nf3 Bg7 4. g3 d5 5. Bg2 dxc4 6. Na3 c5 7. 0-0 Nc6 8. dxc5 Qa5 9. Nd4 Bd7 10. Nxc6 Bxc6 11. Bxc6+ bxc6 12. Qd4 0-0 13. Bd2 Rfd8 14. Bxa5 Rxd4 15. Rac1 Rb8 16. Nxc4 Rb5 17. Ne5 Rd5 18. Nxc6 Rdxc5 19. b4 Rxc1 20. Rxc1 Rb7 21. Rd1 Ne4 22. Rd8+ Bf8 23. Ra8 Rd7 24. b5 Rd1+ 25. Kg2 Kg7 26. Rxa7 e6 27. Bb4 Rb1 28. a3 Bc5 29. Bxc5 Nxc5 30. Nb4 1-0

[Event "Villa Martelli Panno 70-A"]
[Site "Villa Martelli"]
[Date "2023.05.10"]
[Round "2"]
[White "Paveto, Kevin"]
[Black "Fiorito, Joaquin"]
[Result "1-0"]
[WhiteElo "2427"]
[BlackElo "2405"]
[PlyCount "131"]
[EventDate "2023.05.09"]
[EventType "tourn"]
[EventRounds "9"]
[EventCountry "ARG"]
[EventCategory "7"]
[SourceTitle "CBM 214 Extra"]
[Source "ChessBase"]
[SourceDate "2023.07.31"]
[SourceVersion "1"]
[SourceVersionDate "2023.07.31"]
[SourceQuality "1"]

1. e4 c6 2. d4 d5 3. e5 Bf5 4. h4 h5 5. Bd3 Bxd3 6. Qxd3 Qa5+ 7. Nd2 e6 8. Ngf3 Nh6 9. 0-0 Nf5 10. a4 Qa6 11. c4 Bb4 12. b3 c5 13. Qb1 Nxd4 14. Nxd4 cxd4 15. cxd5 exd5 16. Nf3 Nd7 17. Bb2 d3 18. Rd1 Nc5 19. Bd4 Ne6 20. Qxd3 Qxd3 21. Rxd3 0-0 22. g3 Rfd8 23. Rad1 Rd7 24. Kf1 b6 25. Be3 Rad8 26. Bg5 Rc8 27. Rxd5 Rxd5 28. Rxd5 Rc3 29. Be3 Rxb3 30. Rd7 Bc5 31. Bxc5 Nxc5 32. Rd8+ Kh7 33. Ng5+ Kg6 34. Rd6+ f6 35. Nh3 Kf5 36. exf6 gxf6 37. Rd5+ Ke4 38. Rxh5 Rb1+ 39. Kg2 Nd3 40. Rb5 Ra1 41. g4 Ne1+ 42. Kh2 Nf3+ 43. Kg3 Ra3 44. Rb4+ Ke5 45. h5 Ne1+ 46. Kh2 Nf3+ 47. Kh1 Ra1+ 48. Kg2 Ne1+ 49. Kh2 Rc1 50. Rf4 Nd3 51. Rf5+ Ke6 52. Nf4+ Nxf4 53. Rxf4 a5 54. f3 Rb1 55. Kg3 Kf7 56. Rc4 Rb4 57. Rc7+ Kg8 58. h6 Rxa4 59. Kh4 b5 60. Rb7 Rc4 61. Rxb5 a4 62. Kh5 a3 63. Kg6 Rc8 64. Ra5 f5 65. Kxf5 a2 66. Rxa2 1-0

[Event "Villa Martelli Panno 70-A"]
[Site "Villa Martelli"]
[Date "2023.05.09"]
[Round "1"]
[White "Paveto, Kevin"]
[Black "Romero Barreto, Jaime Jose"]
[Result "0-1"]
[WhiteElo "2427"]
[BlackElo "2361"]
[PlyCount "54"]
[EventDate "2023.05.09"]
[EventType "tourn"]
[EventRounds "9"]
[EventCountry "ARG"]
[EventCategory "7"]
[SourceTitle "CBM 214 Extra"]
[Source "ChessBase"]
[SourceDate "2023.07.31"]
[SourceVersion "1"]
[SourceVersionDate "2023.07.31"]
[SourceQuality "1"]

1. e4 e5 2. Nf3 Nc6 3. Bc4 Bc5 4. c3 Nf6 5. d3 d6 6. a4 a5 7. 0-0 h6 8. Re1 0-0 9. h3 Ba7 10. Nbd2 Be6 11. Bxe6 fxe6 12. Nc4 Nh5 13. Be3 Nf4 14. d4 exd4 15. cxd4 Qf6 16. Bxf4 Qxf4 17. Re2 d5 18. exd5 exd5 19. Nce5 Nxd4 20. Nxd4 Qxd4 21. Qxd4 Bxd4 22. Ng6 Rfe8 23. Rd2 Re4 24. Rad1 Bf6 25. Rxd5 Kh7 26. f3 Rb4 27. Ne5 c6 0-1

[Event "Titled Tuesday intern op 31st Jan Late"]
[Site "Chess.com INT"]
[Date "2023.01.31"]
[Round "4"]
[White "Kim, Sergey2222"]
[Black "Paveto, Kevin"]
[Result "1-0"]
[WhiteElo "2295"]
[BlackElo "2427"]
[PlyCount "85"]
[EventDate "2023.01.31"]
[EventType "swiss (blitz)"]
[EventRounds "11"]
[EventCountry "USA"]
[SourceTitle "CBM 212 Extra"]
[Source "ChessBase"]
[SourceDate "2023.03.31"]
[SourceVersion "1"]
[SourceVersionDate "2023.03.31"]
[SourceQuality "1"]

1. d4 Nf6 2. c4 g6 3. Nc3 d5 4. cxd5 Nxd5 5. e4 Nxc3 6. bxc3 Bg7 7. Bc4 0-0 8. Ne2 c5 9. 0-0 b6 10. Be3 Bb7 11. Ng3 cxd4 12. cxd4 Nc6 13. e5 Rc8 14. Rc1 Na5 15. Bd3 Qd5 16. Be4 Qd7 17. Bxb7 Qxb7 18. Qg4 Nc4 19. Bg5 b5 20. Qh4 f6 21. exf6 exf6 22. Bh6 f5 23. Bxg7 Qxg7 24. Qf4 Rcd8 25. Rfd1 Rd5 26. h4 Rfd8 27. a4 a6 28. axb5 axb5 29. h5 Rxd4 30. Rxd4 Qxd4 31. Qc7 Qd6 32. Qb7 Rb8 33. Qa7 Re8 34. h6 Qe7 35. Qa6 Qg5 36. Rd1 f4 37. Ne4 Rxe4 38. Qa8+ Kf7 39. Qxe4 Ne5 40. Qb7+ Kf6 41. Rd6+ Kf5 42. Qc8+ Ke4 43. Qc2+ 1-0

[Event "Titled Tuesday intern op 31st Jan Late"]
[Site "Chess.com INT"]
[Date "2023.01.31"]
[Round "2"]
[White "Paveto, Kevin"]
[Black "Kostiukov, Alexandr"]
[Result "1-0"]
[WhiteElo "2427"]
[BlackElo "2271"]
[PlyCount "85"]
[EventDate "2023.01.31"]
[EventType "swiss (blitz)"]
[EventRounds "11"]
[EventCountry "USA"]
[SourceTitle "CBM 212 Extra"]
[Source "ChessBase"]
[SourceDate "2023.03.31"]
[SourceVersion "1"]
[SourceVersionDate "2023.03.31"]
[SourceQuality "1"]

1. e4 c5 2. Nf3 g6 3. d4 cxd4 4. Nxd4 Bg7 5. c4 Nf6 6. Nc3 Nc6 7. Be3 Nxd4 8. Bxd4 Qa5 9. f3 0-0 10. Be2 d6 11. 0-0 Be6 12. Rc1 Rfc8 13. b3 a6 14. a4 Nd7 15. Bxg7 Kxg7 16. Qd4+ Kg8 17. Kh1 Qb6 18. Qxb6 Nxb6 19. a5 Nd7 20. Na4 Rab8 21. f4 Nc5 22. Nxc5 Rxc5 23. b4 Rc7 24. f5 Bd7 25. Bd3 Rbc8 26. Rce1 e6 27. fxg6 hxg6 28. e5 dxe5 29. c5 Bb5 30. Bxb5 axb5 31. Rxe5 Rd8 32. Re4 Rd2 33. h3 Rcd7 34. Ra1 Rd1+ 35. Rxd1 Rxd1+ 36. Kh2 Rb1 37. Rd4 Kg7 38. Rd7 Rxb4 39. Rxb7 Rc4 40. a6 Ra4 41. a7 b4 42. c6 b3 43. c7 1-0

[Event "ARG-ch 97th"]
[Site "San Carlos de Bariloche"]
[Date "2022.12.08"]
[Round "9"]
[White "Paveto, Kevin"]
[Black "Perez Ponsa, Federico"]
[Result "1/2-1/2"]
[WhiteElo "2440"]
[BlackElo "2538"]
[PlyCount "38"]
[EventDate "2022.12.01"]
[EventType "tourn"]
[EventRounds "11"]
[EventCountry "ARG"]
[EventCategory "10"]
[SourceTitle "CBM 211 Extra"]
[Source "ChessBase"]
[SourceDate "2023.01.31"]
[SourceVersion "1"]
[SourceVersionDate "2023.01.31"]
[SourceQuality "1"]

1. e4 c5 2. Nf3 Nc6 3. d4 cxd4 4. Nxd4 Nf6 5. Nc3 e5 6. Ndb5 d6 7. Nd5 Nxd5 8. exd5 Ne7 9. c4 Ng6 10. Qa4 Bd7 11. Qb4 Bf5 12. h4 h5 13. Qa4 Bd7 14. Qb4 Bf5 15. Qa4 Bd7 16. Qb4 Bf5 17. Qa4 Bd7 18. Qb4 Bf5 19. Qa4 Bd7 1/2-1/2

[Event "ARG-ch 97th"]
[Site "San Carlos de Bariloche"]
[Date "2022.12.05"]
[Round "6"]
[White "Acosta, Pablo Ismael"]
[Black "Paveto, Kevin"]
[Result "1-0"]
[WhiteElo "2463"]
[BlackElo "2440"]
[PlyCount "67"]
[EventDate "2022.12.01"]
[EventType "tourn"]
[EventRounds "11"]
[EventCountry "ARG"]
[EventCategory "10"]
[SourceTitle "CBM 211 Extra"]
[Source "ChessBase"]
[SourceDate "2023.01.31"]
[SourceVersion "1"]
[SourceVersionDate "2023.01.31"]
[SourceQuality "1"]

1. d4 Nf6 2. Nf3 g6 3. Bg5 Bg7 4. Nbd2 0-0 5. c3 d6 6. e4 c5 7. dxc5 dxc5 8. Bc4 Nc6 9. 0-0 Qc7 10. Qe2 h6 11. Bxf6 Bxf6 12. Qe3 g5 13. Qxc5 Rd8 14. h3 e6 15. Bb5 a6 16. Bxc6 bxc6 17. Rad1 Be7 18. Qe5 Qd7 19. Nc4 Qxd1 20. Rxd1 Rxd1+ 21. Kh2 Bd7 22. g3 Be8 23. Ne3 Rd3 24. Ne1 Rd2 25. Ng4 Rxb2 26. Nxh6+ Kh7 27. Ng4 Rab8 28. c4 R8b7 29. Nd3 Rxa2 30. Nf6+ Bxf6 31. Qxf6 Re2 32. Qxg5 f6 33. Qh4+ Kg8 34. Kg1 1-0

[Event "ARG-ch 97th"]
[Site "San Carlos de Bariloche"]
[Date "2022.12.03"]
[Round "4"]
[White "Paveto, Kevin"]
[Black "Pichot, Alan"]
[Result "0-1"]
[WhiteElo "2440"]
[BlackElo "2637"]
[PlyCount "60"]
[EventDate "2022.12.01"]
[EventType "tourn"]
[EventRounds "11"]
[EventCountry "ARG"]
[EventCategory "10"]
[SourceTitle "CBM 211 Extra"]
[Source "ChessBase"]
[SourceDate "2023.01.31"]
[SourceVersion "1"]
[SourceVersionDate "2023.01.31"]
[SourceQuality "1"]

1. e4 e5 2. Nf3 Nc6 3. Bc4 Nf6 4. d3 h6 5. Nc3 d6 6. a4 g6 7. h3 Bg7 8. g4 Be6 9. g5 hxg5 10. Bxe6 fxe6 11. Bxg5 Qd7 12. Qd2 0-0-0 13. 0-0-0 Rdf8 14. Nh4 Qf7 15. Ng2 Nh5 16. Rdf1 Nd4 17. Kb1 Nf3 18. Qe3 d5 19. Qxa7 Nxg5 20. Nb5 Qe7 21. Ne3 Nf4 22. exd5 exd5 23. c4 Rf6 24. Nxd5 Nxd5 25. cxd5 Ra6 26. Qe3 Nf7 27. Rc1 Bh6 28. Qg3 Bxc1 29. Rxc1 c6 30. Qxg6 Rh6 0-1

[Event "ARG-ch 97th"]
[Site "San Carlos de Bariloche"]
[Date "2022.12.02"]
[Round "2"]
[White "Paveto, Kevin"]
[Black "Fiorito, Joaquin"]
[Result "1/2-1/2"]
[WhiteElo "2440"]
[BlackElo "2328"]
[PlyCount "73"]
[EventDate "2022.12.01"]
[EventType "tourn"]
[EventRounds "11"]
[EventCountry "ARG"]
[EventCategory "10"]
[SourceTitle "CBM 211 Extra"]
[Source "ChessBase"]
[SourceDate "2023.01.31"]
[SourceVersion "1"]
[SourceVersionDate "2023.01.31"]
[SourceQuality "1"]

1. e4 e5 2. Nf3 Nc6 3. Bc4 Bc5 4. d3 Nf6 5. Nc3 d6 6. a4 a5 7. h3 0-0 8. Be3 Nd4 9. 0-0 Be6 10. Bxe6 Nxe6 11. Bxc5 Nxc5 12. Re1 Re8 13. d4 Ncd7 14. Qd2 exd4 15. Qxd4 Ne5 16. Nd2 Nc6 17. Qc4 Ne5 18. Qf1 c6 19. f4 Ng6 20. Qf2 Qc7 21. g3 Rab8 22. Nb3 h6 23. Re2 Qd7 24. Qg2 Qc7 25. Qf2 Qd7 26. f5 Ne5 27. Nxa5 Qc7 28. Nb3 Nc4 29. Rae1 Nxb2 30. Qd4 c5 31. Nb5 cxd4 32. Nxc7 Re5 33. Nxd4 Nxa4 34. Ncb5 d5 35. exd5 Rxd5 36. Re5 Rdd8 37. Nf3 1/2-1/2

[Event "ARG-ch 96th"]
[Site "Buenos Aires"]
[Date "2022.06.03"]
[Round "2"]
[White "Paveto, Kevin"]
[Black "Aranda, Juan Manuel"]
[Result "0-1"]
[WhiteElo "2450"]
[BlackElo "2162"]
[PlyCount "58"]
[EventDate "2022.06.02"]
[EventType "swiss"]
[EventRounds "11"]
[EventCountry "ARG"]
[SourceTitle "CBM 208 Extra"]
[Source "ChessBase"]
[SourceDate "2022.07.31"]
[SourceVersion "1"]
[SourceVersionDate "2022.07.31"]
[SourceQuality "1"]

1. e4 d6 2. d4 Nf6 3. Nc3 g6 4. Bg5 Bg7 5. Qd2 c6 6. 0-0-0 Qa5 7. f3 b5 8. Kb1 Nbd7 9. Bh6 Bxh6 10. Qxh6 b4 11. Nce2 Ba6 12. Nh3 c5 13. Nc1 Bxf1 14. Rhxf1 c4 15. e5 Nd5 16. exd6 Nc3+ 17. bxc3 bxc3 18. Qg5 Qb6+ 19. Nb3 Qxd6 20. Nf2 cxb3 21. axb3 0-0 22. Rfe1 e6 23. d5 e5 24. Ne4 Qb4 25. Qg4 Rab8 26. Re3 f5 27. Qh3 Nb6 28. Ng5 Rb7 29. f4 Qa3 0-1